<?xml version="1.0" encoding="UTF-8"?>
<collection xmlns="http://www.loc.gov/MARC21/slim">
  <record>
    <leader>00000nam  2200000   4500</leader>
    <controlfield tag="001">INLIS000000000019162</controlfield>
    <controlfield tag="005">20250207041640</controlfield>
    <datafield tag="035" ind1="#" ind2="#">
      <subfield code="a">0010-0225000119</subfield>
    </datafield>
    <controlfield tag="007">ta</controlfield>
    <controlfield tag="008">250207################g##########0#eng##</controlfield>
    <datafield tag="020" ind1="#" ind2="#">
      <subfield code="a">978-602-02-1155-3</subfield>
    </datafield>
    <datafield tag="100" ind1=" " ind2="#">
      <subfield code="a">Delvina Bidari</subfield>
    </datafield>
    <datafield tag="245" ind1="1" ind2="#">
      <subfield code="a">English Grammar dan Vocabulary For Young Leaner /</subfield>
      <subfield code="c">Delvina Bidari</subfield>
    </datafield>
    <datafield tag="260" ind1="#" ind2="#">
      <subfield code="a">Sleman :</subfield>
      <subfield code="b">Deepublish,</subfield>
      <subfield code="c">2020</subfield>
    </datafield>
    <datafield tag="300" ind1="#" ind2="#">
      <subfield code=";"/>
      <subfield code="c">4.8 MB</subfield>
    </datafield>
    <datafield tag="520" ind1="#" ind2="#">
      <subfield code="a">ENGLISH GRAMMAR &amp; VOCABULARY FOR YOUNG LEARNER is an English educational series book that is design for kids. The writer, Delvina Bidari, is an English Literature graduate with years of teaching experiences— she has been teaching since 2001. She is applying the knowledge and experiences she has in this book so it would be easy for children to learn and understand English, as it is getting more complicated for some kids. In this book, you will find five units of materials with different kinds of theme. There will be reviews and exercises as well to get better understanding. The materials are briefly explained, followed with illustrations to increase children's interest on learning English.</subfield>
    </datafield>
    <datafield tag="856" ind1="#" ind2="#">
      <subfield code="a">https://web-ipustakalan.moco.co.id/book/55c51885-5a0e-409e-afaa-c2b6387910b0</subfield>
    </datafield>
    <datafield tag="082" ind1="#" ind2="#">
      <subfield code="a">425</subfield>
    </datafield>
    <datafield tag="084" ind1="#" ind2="#">
      <subfield code="a">425 DEL e</subfield>
    </datafield>
    <datafield tag="650" ind1="#" ind2="4">
      <subfield code="a">Grammar</subfield>
    </datafield>
    <datafield tag="990" ind1="#" ind2="#">
      <subfield code="a">2024/4/A/0140</subfield>
    </datafield>
    <datafield tag="990" ind1="#" ind2="#">
      <subfield code="a">2024/4/A/0141</subfield>
    </datafield>
  </record>
</collection>
